000 00637nam a2200181 a 4500
001 000006827
005 20200929154013.0
008 090903s2004 dr 000 0 spa d
020 _a9993499218
040 _aDO-SdBNP
_bspa
_cBNPHU
082 _axxx
_bY831g
100 1 _aYoselman R., Mirabal
_d1969-
_918971
245 1 0 _aGuía :
_btécnicas para la organización exitosa de eventos cristianos /
_cMirabal, Yoselman R.
260 _aSanto Domingo, :
_bMinisterio de Publicaciones Cristiana,
_c2004.
300 _a145 p. :
_b22 cm.
500 _aIncluye datos biográficos del autor en la solapa
504 _aIncluye bibliografías (p. 145)
999 _c6615
_d6615